000 00352nam a2200133Ia 4500
005 20260328101507.0
008 260328s9999||||xx |||||||||||||| ||und||
100 _aMartienssen, Rex D.
245 0 _aLa Idea de Espacio en la Arquitectura Griega /
_cRex D. Martienssen
260 _bNueva Visión
300 _a162 p.
650 _aHISTORIA
942 _cBK
999 _c9055
_d9055